000247530 001__ 247530
000247530 005__ 20250112183626.0
000247530 022__ $$a2468-5534
000247530 022__ $$a2468-5534$$l2468-5542
000247530 022__ $$a2468-5542
000247530 0247_ $$2ZDBID$$aPERI:(DE-600)2905205-1
000247530 0247_ $$2ZDBPPN$$aZDPPN:1139644750
000247530 0247_ $$2EZBID$$aPERI:(DE-606)310092
000247530 0247_ $$2EZBID$$aPERI:(DE-606)310092
000247530 0247_ $$2OCLC$$aOCLC:1368959658
000247530 0247_ $$2SCOPUS$$aSCOPUS:21101041535
000247530 035__ $$aPERI:(DE-600)2905205-1
000247530 040__ $$a0355$$bger$$cDE-101$$dJOIN²$$eJOIN² journal identification
000247530 041__ $$aara
000247530 044__ $$cXA-NL
000247530 082__ $$223sdnb$$a290$$qDE-600
000247530 08274 $$223sdnb$$a290$$qDE-600
000247530 24220 $$2DE-600$$aJournal of Islamic ethics$$yen
000247530 24220 $$2DE-600$$aJournal of Islamic ethics
000247530 245__ $$2DE-600$$aJournal of Islamic ethics$$hprint, online
000247530 2463_ $$2DE-600$$aJournal of Islamic ethics
000247530 2463_ $$aJournal of Islamic ethics
000247530 260__ $$aLeiden$$bBrill$$c[2017]-
000247530 26431 $$aLeiden$$bBrill$$c[2017]-
000247530 3620_ $$2DE-600$$aVolume 1, issue 1/2 (2017)-
000247530 36301 $$2DE-600$$81.1\x$$a1$$b1$$i2017
000247530 380__ $$2marcgt$$ajournal
000247530 500__ $$aAutomatically generated record. (Updated: 2024-12-30)
000247530 650_7 $$0ASJC:1211$$2ASJC$$aPhilosophy
000247530 650_7 $$0ASJC:1201$$2ASJC$$aArts and Humanities (miscellaneous)
000247530 650_7 $$0ASJC:1212$$2ASJC$$aReligious studies
000247530 65310 $$2EZB-Subject$$aTheologie und Religionswissenschaften
000247530 65310 $$2EZB-Keyword$$aIslam
000247530 77608 $$2DE-600$$iErscheint auch als$$nDruck-Ausgabe$$tJournal of Islamic ethics$$x2468-5534
000247530 8564_ $$d0$$uhttps://brill.com/view/journals/jie/jie-overview.xml$$yVerlag = kostenfrei
000247530 8564_ $$d0$$uhttps://ezb.ur.de/?2905205-1$$yEZB
000247530 8801_ $$2DE-600$$aJournal of Islamic ethics
000247530 909CO $$ooai:juser.fz-juelich.de:912882$$pauthority$$pauthority:PERI
000247530 909CO $$ooai:juser.fz-juelich.de:912882
000247530 915__ $$0StatID:(DE-HGF)0200$$2StatID$$aDBCoverage$$bSCOPUS$$d2024-12-30
000247530 980__ $$aPERI
000247530 980__ $$aAUTHORITY